000 nam a22 7a 4500
999 _c9193
_d9193
008 180124b ||||| |||| 00| 0 eng d
100 _aRatcliffe.S.
_95453
245 _aOxford Quotations and Proverbs
260 _aNewyork
_bOxford University
_c2001